[Event "FB1 2324 Hamburger SK - OSG Baden-Baden"]
[Site "?"]
[Date "2024.03.24"]
[Round "8.1"]
[White "Paehtz, Elisabeth"]
[Black "Socko, Monika"]
[Result "0-1"]
[WhiteElo "2465"]
[BlackElo "2423"]
[PlyCount "100"]
[EventDate "2024.??.??"]

1. d4 Nf6 2. c4 e6 3. Nc3 Bb4 4. e3 O-O 5. Nge2 d5 6. a3 Be7 7. Ng3 c5 8. dxc5 Bxc5 9. Be2 dxc4 10. Qa4 Nc6 11. Qxc4 Be7 12. O-O Bd7 13. b4 e5 14. Rd1 Qc8 15. Qb3 Be6 16. Qc2 a5 17. b5 Nb8 18. Bd3 Rd8 19. Bb2 Nbd7 20. Nge4 h6 21. Rac1 Nxe4 22. Bxe4 Nf6 23. Rxd8+ Bxd8 24. Bf3 Bg4 25. Na4 Qd7 26. Bxg4 Nxg4 27. Qc4 Qf5 28. Qe2 Bh4 29. g3 Bg5 30. Rc4 h5 31. Kg2 Rd8 32. h3 Nf6 33. Qc2 e4 34. Bxf6 Qf3+ 35. Kh2 Rd1 36. Qxd1 Qxd1 37. Bxg5 Qe2 38. Rc8+ Kh7 39. Nb6 Qxf2+ 40. Kh1 Qf1+ 41. Kh2 Qxb5 42. Bd8 Qe2+ 43. Kh1 Qe1+ 44. Kh2 Qf2+ 45. Kh1 Qxg3 46. h4 Qh3+ 47. Kg1 Qxe3+ 48. Kh1 Qf3+ 49. Kh2 e3 50. Nd7 Qe2+ 0-1

[Event "FB1 2324 Hamburger SK - OSG Baden-Baden"]
[Site "?"]
[Date "2024.03.24"]
[Round "8.2"]
[White "Roebers, Eline"]
[Black "Wagner, Dinara"]
[Result "1-0"]
[WhiteElo "2369"]
[BlackElo "2455"]
[PlyCount "95"]
[EventDate "2024.??.??"]

1. e4 c5 2. Nf3 d6 3. d4 cxd4 4. Nxd4 Nf6 5. Nc3 a6 6. a3 e6 7. g4 Nc6 8. g5 Nd7 9. Be3 Nxd4 10. Qxd4 Ne5 11. Be2 b5 12. Rg1 Qc7 13. a4 Nc6 14. Qd2 b4 15. Na2 Qa5 16. f4 Qxa4 17. Kf2 Qa5 18. c3 bxc3 19. Nxc3 Qb4 20. Bb5 Bd7 21. Ra4 Qb3 22. Rga1 Rb8 23. R1a3 Qxa3 24. Rxa3 axb5 25. Ra6 Be7 26. Rb6 O-O 27. Rxb5 Nb4 28. Rb6 Rxb6 29. Bxb6 Rc8 30. Kg3 h6 31. h4 hxg5 32. hxg5 Kf8 33. Be3 Kg8 34. Na4 d5 35. Nc5 Bxc5 36. Bxc5 Rxc5 37. Qxb4 Rc2 38. Qe7 Bc6 39. g6 fxg6 40. Qxe6+ Kh7 41. Qh3+ Kg8 42. Qc8+ Kh7 43. exd5 Ba4 44. Qh3+ Kg8 45. Qe6+ Kh7 46. Qe4 Bb3 47. d6 Rd2 48. Qe3 1-0

[Event "FB1 2324 Hamburger SK - OSG Baden-Baden"]
[Site "?"]
[Date "2024.03.24"]
[Round "8.3"]
[White "Divya Deshmukh"]
[Black "Gaal, Zsoka"]
[Result "1/2-1/2"]
[WhiteElo "2424"]
[BlackElo "2379"]
[PlyCount "67"]
[EventDate "2024.??.??"]

1. c4 Nf6 2. Nc3 e6 3. e4 c5 4. Nf3 Nc6 5. Be2 b6 6. O-O Bb7 7. d4 cxd4 8. Nxd4 Be7 9. Nxc6 dxc6 10. Qc2 e5 11. Be3 O-O 12. Rfd1 Qc7 13. c5 b5 14. b4 a5 15. a3 h6 16. Qb2 axb4 17. axb4 Rfd8 18. Rxa8 Rxa8 19. f3 Nd7 20. Bd3 Nf8 21. Bc2 Rd8 22. Bb3 Rxd1+ 23. Nxd1 Bc8 24. Nf2 Be6 25. Bxe6 Nxe6 26. Ng4 h5 27. Nxe5 Bf6 28. f4 Bxe5 29. fxe5 Qd8 30. Qe2 Qa8 31. Qb2 Qa4 32. Kf2 Qd1 33. Qa2 Qd7 34. Qe2 1/2-1/2

[Event "FB1 2324 Hamburger SK - OSG Baden-Baden"]
[Site "?"]
[Date "2024.03.24"]
[Round "8.4"]
[White "Papp, Sarah"]
[Black "Stefanova, Antoaneta"]
[Result "0-1"]
[WhiteElo "2281"]
[BlackElo "2433"]
[PlyCount "80"]
[EventDate "2024.??.??"]

1. e4 e5 2. Nf3 Nc6 3. Bc4 Nf6 4. d3 h6 5. c3 d6 6. Nbd2 g6 7. b4 Bg7 8. Qb3 O-O 9. a4 Nh5 10. Nf1 Qf6 11. Ng3 Nf4 12. Bxf4 exf4 13. Ne2 Ne5 14. Nxe5 dxe5 15. Ng1 a5 16. h3 axb4 17. cxb4 Bd7 18. Ra2 Ra7 19. Nf3 g5 20. Ke2 h5 21. b5 g4 22. hxg4 hxg4 23. Nh4 f3+ 24. gxf3 gxf3+ 25. Kd2 Rfa8 26. Qd1 Bg4 27. Kc3 Kf8 28. Kb3 c6 29. b6 Ra5 30. Qg1 Be6 31. Qg3 c5 32. Rg1 R8a6 33. Nxf3 Bxc4+ 34. dxc4 Qxb6+ 35. Kc2 Bf6 36. Nxe5 Qe6 37. f4 Bxe5 38. fxe5 Qxc4+ 39. Kd1 Rg6 40. Qxg6 fxg6 0-1

[Event "FB1 2324 Hamburger SK - OSG Baden-Baden"]
[Site "?"]
[Date "2024.03.24"]
[Round "8.5"]
[White "Kachiani-Gersinska, Ketino"]
[Black "Lubbe, Melanie"]
[Result "1/2-1/2"]
[WhiteElo "2309"]
[BlackElo "2236"]
[PlyCount "35"]
[EventDate "2024.??.??"]

1. Nf3 g6 2. g3 Bg7 3. d4 Nf6 4. Bg2 O-O 5. O-O d6 6. a4 a5 7. Nc3 Nbd7 8. h3 e5 9. dxe5 dxe5 10. Be3 Qe7 11. Qc1 Re8 12. Rd1 c6 13. Nd2 Qe6 14. Nde4 Bf8 15. Ng5 Qe7 16. Nge4 Qe6 17. Ng5 Qe7 18. Nge4 1/2-1/2

[Event "FB1 2324 Hamburger SK - OSG Baden-Baden"]
[Site "?"]
[Date "2024.03.24"]
[Round "8.6"]
[White "Fuchs, Judith"]
[Black "Heinemann, Josefine"]
[Result "1/2-1/2"]
[WhiteElo "2236"]
[BlackElo "2303"]
[PlyCount "93"]
[EventDate "2024.??.??"]

1. b3 Nf6 2. Bb2 c5 3. e3 Nc6 4. f4 d5 5. Bb5 Qc7 6. Nf3 a6 7. Bxc6+ Qxc6 8. Ne5 Qc7 9. O-O g6 10. c4 dxc4 11. bxc4 Bg7 12. Nc3 O-O 13. Rb1 Be6 14. d3 Rfd8 15. Qe2 Rab8 16. e4 Nd7 17. Nd5 Bxd5 18. exd5 Qd6 19. Rbe1 e6 20. Nxf7 Kxf7 21. dxe6+ Kg8 22. Bxg7 Kxg7 23. exd7 Rxd7 24. f5 Rf8 25. fxg6 Rxf1+ 26. Rxf1 hxg6 27. Qb2+ Qd4+ 28. Qxd4+ Rxd4 29. Rf3 b5 30. cxb5 axb5 31. Kf1 Ra4 32. Rf2 Ra3 33. Rc2 Rxd3 34. Rxc5 Rd2 35. Rxb5 Rxa2 36. Re5 Kf6 37. Re2 Ra1+ 38. Kf2 Ra3 39. Re3 Ra2+ 40. Kf3 Rb2 41. Ra3 Rb6 42. h4 Kg7 43. Ra4 Rf6+ 44. Kg4 Rb6 45. h5 gxh5+ 46. Kxh5 Rb7 47. Kg5 1/2-1/2

[Event "FB1 2324 SC 1957 Bad Königshofen  - Tu"]
[Site "?"]
[Date "2024.03.23"]
[Round "7.1"]
[White "Lach, Aleksandra"]
[Black "Schneider, Jana"]
[Result "1-0"]
[WhiteElo "2283"]
[BlackElo "2303"]
[PlyCount "105"]
[EventDate "2024.??.??"]

1. d4 d5 2. Nc3 Nf6 3. Bf4 c5 4. e3 Bg4 5. f3 Bd7 6. Nb5 Na6 7. c3 Qa5 8. a4 c4 9. b4 Qb6 10. g4 Bxb5 11. axb5 Qxb5 12. Ra5 Qd7 13. b5 Nc7 14. Qa4 Ne6 15. g5 Nh5 16. Bh3 Nhxf4 17. exf4 g6 18. Ne2 Bg7 19. Bxe6 fxe6 20. Kf2 O-O 21. h4 Rf5 22. Ra1 e5 23. dxe5 Bxe5 24. b6 Qe6 25. bxa7 Bxf4 26. Nxf4 Rxf4 27. Qd1 Rf5 28. Qd4 Raf8 29. Qg4 Qb6+ 30. Kg3 Ra8 31. Qd4 Qd6+ 32. Kg2 e6 33. Rb5 Rf7 34. Rb6 Qd7 35. Qe5 Re7 36. Qb8+ Re8 37. Qxb7 Qd8 38. Qa6 Qe7 39. Rb7 Qc5 40. Re1 Qc8 41. Qb6 e5 42. Rc7 Qf5 43. Qf6 Qxf6 44. gxf6 Rf8 45. Rb1 d4 46. Rbb7 Rxf6 47. cxd4 exd4 48. Rb8+ Rf8 49. Rxa8 Rxa8 50. Rb7 Rxa7 51. Rxa7 c3 52. Rc7 Kf8 53. Rc4 1-0

[Event "FB1 2324 SC 1957 Bad Königshofen  - Tu"]
[Site "?"]
[Date "2024.03.23"]
[Round "7.2"]
[White "Maltsevskaya, Aleksandra"]
[Black "Brandt, Carina"]
[Result "1-0"]
[WhiteElo "2374"]
[BlackElo "2062"]
[PlyCount "91"]
[EventDate "2024.??.??"]

1. c4 Nf6 2. Nf3 g6 3. g3 Bg7 4. Bg2 O-O 5. O-O Nc6 6. b3 d5 7. Bb2 d4 8. b4 d3 9. a3 Bf5 10. e3 Re8 11. Nc3 e5 12. Qb3 e4 13. Nh4 Bc8 14. f4 h6 15. Rac1 Bg4 16. h3 Bd7 17. Kh2 Qc8 18. Nd5 Nh7 19. Bxg7 Kxg7 20. Qb2+ f6 21. g4 Bxg4 22. b5 Ne7 23. Bxe4 Nxd5 24. cxd5 Rxe4 25. d6 c5 26. bxc6 bxc6 27. hxg4 Qd7 28. Qc3 Qxd6 29. Qxc6 Qxc6 30. Rxc6 Rd8 31. Rc7+ Kg8 32. Nxg6 Ra4 33. Rb1 Nf8 34. Rbb7 Nxg6 35. Rg7+ Kh8 36. Rxg6 Rxa3 37. Rxh6+ Kg8 38. Rg6+ Kh8 39. g5 fxg5 40. f5 Ra4 41. Kg3 Rh4 42. Rxa7 Rh1 43. Rxg5 Re8 44. Rd7 Re7 45. Rxd3 Rd7 46. Rg8+ 1-0

[Event "FB1 2324 SC 1957 Bad Königshofen  - Tu"]
[Site "?"]
[Date "2024.03.23"]
[Round "7.3"]
[White "Waechter, Nathalie"]
[Black "Savina, Anastasia"]
[Result "1/2-1/2"]
[WhiteElo "1995"]
[BlackElo "2341"]
[PlyCount "55"]
[EventDate "2024.??.??"]

1. d4 Nf6 2. c4 g6 3. Nc3 Bg7 4. e4 d6 5. Be2 O-O 6. h4 c5 7. d5 e6 8. h5 exd5 9. exd5 Re8 10. hxg6 hxg6 11. Bh6 Bxh6 12. Rxh6 Ng4 13. Rh1 Qf6 14. Nh3 a6 15. a4 Nh6 16. Qd2 Nf5 17. Qf4 Qe5 18. Kf1 Qxf4 19. Nxf4 Nd7 20. Ra3 Nd4 21. Bd3 Nf6 22. Nce2 Nxe2 23. Bxe2 Bd7 24. f3 Re7 25. Kf2 Rae8 26. Bd3 Re3 27. Rha1 Kg7 28. Ne6+ 1/2-1/2

[Event "FB1 2324 SC 1957 Bad Königshofen  - Tu"]
[Site "?"]
[Date "2024.03.23"]
[Round "7.4"]
[White "Melamed, Tatjana"]
[Black "Koehler, Inken"]
[Result "1-0"]
[WhiteElo "2354"]
[BlackElo "2010"]
[PlyCount "93"]
[EventDate "2024.??.??"]

1. e4 d6 2. d4 Nf6 3. Nc3 e5 4. Nf3 Nbd7 5. Bc4 Be7 6. O-O O-O 7. Re1 c6 8. a4 a5 9. h3 Qc7 10. Ba2 h6 11. Be3 Re8 12. dxe5 dxe5 13. Nh4 Nc5 14. Qf3 Be6 15. Nf5 Bxa2 16. Rxa2 Ne6 17. Raa1 Ng5 18. Qg3 Nh5 19. Qg4 Nf6 20. Nxe7+ Qxe7 21. Bxg5 hxg5 22. Qxg5 Qb4 23. Re3 Nh7 24. Qh5 g6 25. Qh6 Qxb2 26. Rb1 Qxc2 27. Rxb7 Qc1+ 28. Kh2 Rf8 29. Ne2 Qd2 30. Ng3 Kh8 31. Qh4 Qd8 32. Qg4 Rb8 33. Rd7 Qe8 34. Red3 Nf6 35. Qh4+ Nh7 36. R3d6 Rg8 37. f4 c5 38. f5 g5 39. Qh5 Rg7 40. Qh6 Qf8 41. Nh5 Rg8 42. Rf6 Qxh6 43. Rxh6 Rgf8 44. Rc7 Rb4 45. Nf6 Kg7 46. Rg6+ Kh8 47. Rxf7 1-0

[Event "FB1 2324 SC 1957 Bad Königshofen  - Tu"]
[Site "?"]
[Date "2024.03.23"]
[Round "7.5"]
[White "Rosmait, Emily"]
[Black "Babiy, Olga"]
[Result "0-1"]
[WhiteElo "1891"]
[BlackElo "2303"]
[PlyCount "60"]
[EventDate "2024.??.??"]

1. e4 c6 2. d4 d5 3. Nc3 dxe4 4. Nxe4 Nf6 5. Nxf6+ exf6 6. c3 Bd6 7. Bd3 O-O 8. Be3 Re8 9. Ne2 Nd7 10. Qc2 h5 11. O-O-O Nf8 12. Ng3 g6 13. Ne4 Be6 14. Nxd6 Qxd6 15. Kb1 b5 16. h3 a5 17. g4 h4 18. Rhe1 a4 19. f4 Qd5 20. c4 bxc4 21. Be4 Qb5 22. f5 Bd5 23. Bxd5 cxd5 24. fxg6 Nxg6 25. a3 Re4 26. Bc1 Rae8 27. Rxe4 Rxe4 28. Qf2 c3 29. Qxf6 Re2 30. b4 c2+ 0-1

[Event "FB1 2324 SC 1957 Bad Königshofen  - Tu"]
[Site "?"]
[Date "2024.03.23"]
[Round "7.6"]
[White "Grineva, Marianna"]
[Black "Stepanjan, Marianne"]
[Result "1-0"]
[WhiteElo "2037"]
[BlackElo "1820"]
[PlyCount "41"]
[EventDate "2024.??.??"]

1. e4 c5 2. Nf3 d6 3. d4 cxd4 4. Nxd4 Nf6 5. Nc3 a6 6. Bg5 e6 7. f4 h6 8. Bh4 Qb6 9. Qd2 Qxb2 10. Nb3 Nc6 11. Bd3 Be7 12. O-O Qa3 13. Rae1 Nxe4 14. Rxe4 d5 15. Bxe7 Nxe7 16. Re3 Bd7 17. f5 O-O 18. f6 Ng6 19. Rg3 Kh7 20. Qf2 Qd6 21. fxg7 1-0

[Event "FB1 2324 SK Doppelbauer Turm Kiel - SC "]
[Site "?"]
[Date "2024.03.24"]
[Round "8.1"]
[White "Schneider, Jana"]
[Black "Rath, Alina"]
[Result "0-1"]
[WhiteElo "2303"]
[BlackElo "2029"]
[PlyCount "140"]
[EventDate "2024.??.??"]

1. e4 c5 2. Nf3 d6 3. d4 cxd4 4. Nxd4 Nf6 5. Nc3 Nc6 6. Bc4 e6 7. Be3 Be7 8. Qe2 a6 9. O-O-O Qc7 10. Nxc6 Qxc6 11. Bd3 e5 12. Bc4 Be6 13. Bd5 Qc7 14. h3 Rc8 15. Kb1 b5 16. g4 b4 17. Na4 Bxd5 18. exd5 Qc4 19. Qxc4 Rxc4 20. b3 Rc8 21. Nb6 Rb8 22. f3 Nd7 23. Nc4 O-O 24. Na5 Rb5 25. Nc6 Bd8 26. a4 Rb7 27. f4 f6 28. Rhf1 Re8 29. Rf3 a5 30. Rdf1 Bc7 31. g5 e4 32. Rg3 f5 33. g6 h6 34. Nd4 Nf6 35. Nxf5 Nxd5 36. Bd4 Bb8 37. Nxg7 Rxg7 38. f5 e3 39. Rgf3 Rge7 40. f6 Nxf6 41. Bxf6 Re4 42. g7 e2 43. Re1 d5 44. Bb2 d4 45. Bc1 Kxg7 46. Bd2 R8e6 47. Rf2 Bd6 48. Rg1+ Rg6 49. Re1 Rge6 50. Rg1+ Kh8 51. Be1 Rf4 52. Rfg2 Rf7 53. Rg4 Bf4 54. h4 h5 55. R4g2 Bh6 56. Kb2 Kh7 57. Ka2 Rc7 58. Kb1 d3 59. cxd3 Rc1+ 60. Kb2 Rd1 61. d4 Rxd4 62. Rf2 Rd7 63. Rf5 Bg7+ 64. Ka2 Rc6 65. Rxh5+ Kg8 66. Rxg7+ Kxg7 67. Rxa5 Rd1 68. Rg5+ Kh6 69. Bxb4 Rc2+ 70. Ka3 Ra1# 0-1

[Event "FB1 2324 SK Doppelbauer Turm Kiel - SC "]
[Site "?"]
[Date "2024.03.24"]
[Round "8.2"]
[White "Braeutigam, Katerina"]
[Black "Maltsevskaya, Aleksandra"]
[Result "0-1"]
[WhiteElo "1985"]
[BlackElo "2374"]
[PlyCount "150"]
[EventDate "2024.??.??"]

1. d4 Nf6 2. Bf4 g6 3. Nf3 Bg7 4. e3 O-O 5. h3 d6 6. Be2 b6 7. O-O Bb7 8. a4 a6 9. Nbd2 Nbd7 10. c3 Ne4 11. Nxe4 Bxe4 12. Nd2 Bb7 13. Bf3 Bxf3 14. Nxf3 b5 15. e4 Qc8 16. axb5 axb5 17. Rxa8 Qxa8 18. Qe2 Nb6 19. Re1 b4 20. cxb4 Qa4 21. Rc1 Rc8 22. Bd2 Qa2 23. Bc3 Na4 24. Qd1 Bh6 25. Ra1 Nxc3 26. bxc3 Qb2 27. Qe1 e6 28. Rb1 Qc2 29. Ra1 Rb8 30. g3 Rb6 31. Ra8+ Kg7 32. e5 d5 33. Ra5 Rc6 34. Rc5 Ra6 35. Ra5 Rxa5 36. bxa5 Qa2 37. Qf1 Qxa5 38. Qd3 Qa2 39. Kg2 Bc1 40. Kf1 Bb2 41. Nd2 Qa1+ 42. Nb1 Bxc3 43. Qxc3 Qxb1+ 44. Kg2 h6 45. h4 Qe4+ 46. Kg1 h5 47. Qc5 Qb1+ 48. Kg2 Qd3 49. Kg1 Qb1+ 50. Kg2 Qb6 51. Qc3 c6 52. Kh2 Qa6 53. Qf3 Qb6 54. Qc3 Qa7 55. Kg2 Qa4 56. Qe3 Qc2 57. Kg1 Qc4 58. Qf4 Kg8 59. Qe3 c5 60. Qg5 Qxd4 61. Qd8+ Kh7 62. Qe7 Qxe5 63. Qxf7+ Qg7 64. Qxe6 d4 65. Qd5 Qc7 66. Kf1 Kg7 67. f4 Qe7 68. Qc4 Qe3 69. Qxc5 Qf3+ 70. Ke1 Qxg3+ 71. Kd1 Qd3+ 72. Kc1 Qc3+ 73. Qxc3 dxc3 74. Kc2 Kf6 75. Kxc3 Kf5 0-1

[Event "FB1 2324 SK Doppelbauer Turm Kiel - SC "]
[Site "?"]
[Date "2024.03.24"]
[Round "8.3"]
[White "Savina, Anastasia"]
[Black "Staerk, Elisa"]
[Result "1-0"]
[WhiteElo "2341"]
[BlackElo "1965"]
[PlyCount "61"]
[EventDate "2024.??.??"]

1. d4 Nf6 2. c4 g6 3. Nc3 Bg7 4. e4 d6 5. Nf3 O-O 6. Be2 e5 7. d5 a5 8. Bg5 Na6 9. Nd2 h6 10. Be3 c6 11. g4 cxd5 12. cxd5 Nd7 13. h4 Ndc5 14. h5 g5 15. Nf1 Bd7 16. Ng3 Rc8 17. O-O Qe8 18. Qd2 Bf6 19. Rfc1 b5 20. f3 b4 21. Nd1 Kh7 22. Kg2 Bb5 23. Nf5 Bxe2 24. Qxe2 Qd7 25. Bf2 Bd8 26. Nde3 Nc7 27. Nc4 Nb5 28. Ncxd6 Nxd6 29. Bxc5 Nxf5 30. Bxf8 Nd4 31. Qa6 1-0

[Event "FB1 2324 SK Doppelbauer Turm Kiel - SC "]
[Site "?"]
[Date "2024.03.24"]
[Round "8.4"]
[White "Gressmann, Hanna"]
[Black "Melamed, Tatjana"]
[Result "0-1"]
[WhiteElo "1992"]
[BlackElo "2354"]
[PlyCount "80"]
[EventDate "2024.??.??"]

1. e4 c5 2. c3 Nf6 3. e5 Nd5 4. Nf3 d6 5. exd6 e6 6. Bc4 Bxd6 7. d4 cxd4 8. cxd4 O-O 9. O-O Nc6 10. Nc3 Nce7 11. Qb3 b6 12. Bg5 Nxc3 13. Qxc3 Bb7 14. Rac1 h6 15. Bxe7 Qxe7 16. Rfd1 Rac8 17. Qe3 Qf6 18. Rc3 Rfd8 19. Qe2 Qf5 20. Bb3 Rxc3 21. bxc3 Qf4 22. Qe3 b5 23. Qxf4 Bxf4 24. Ne5 Rc8 25. Nd3 Bd6 26. Nc5 Bxc5 27. dxc5 Rxc5 28. Rd8+ Kh7 29. Rd7 Bd5 30. Bc2+ f5 31. h3 a5 32. g4 Bxa2 33. gxf5 exf5 34. Ra7 a4 35. Kh2 Kg6 36. Ra6+ Kg5 37. Ra7 Rxc3 38. Bd1 Bd5 39. Rxg7+ Kf4 40. Rd7 a3 0-1

[Event "FB1 2324 SK Doppelbauer Turm Kiel - SC "]
[Site "?"]
[Date "2024.03.24"]
[Round "8.5"]
[White "Babiy, Olga"]
[Black "Franzenburg, Maria"]
[Result "1-0"]
[WhiteElo "2303"]
[BlackElo "1908"]
[PlyCount "69"]
[EventDate "2024.??.??"]

1. e4 e6 2. d4 d5 3. Nc3 dxe4 4. Nxe4 Bd7 5. Nf3 Bc6 6. Bd3 Nd7 7. Qe2 Ngf6 8. Ned2 Nd5 9. Ne4 Nb4 10. Bc4 Bxe4 11. Qxe4 Nf6 12. Qe2 Bd6 13. Bg5 O-O 14. Ne5 Nbd5 15. O-O-O c6 16. h4 Be7 17. Rh3 b5 18. Nxc6 Qd6 19. Nxe7+ Nxe7 20. Bxb5 Rab8 21. Rb3 Ng6 22. h5 Nf4 23. Qe5 Qxe5 24. dxe5 N6d5 25. h6 Ng6 26. hxg7 Kxg7 27. c4 Rfc8 28. Kb1 Nb6 29. Bf6+ Kg8 30. Rd4 Rc5 31. f4 Rbc8 32. Rbd3 Nd5 33. b4 Nc3+ 34. Rxc3 Rxb5 35. cxb5 1-0

[Event "FB1 2324 SK Doppelbauer Turm Kiel - SC "]
[Site "?"]
[Date "2024.03.24"]
[Round "8.6"]
[White "Hielscher, Ursula"]
[Black "Grineva, Marianna"]
[Result "0-1"]
[WhiteElo "1819"]
[BlackElo "2037"]
[PlyCount "86"]
[EventDate "2024.??.??"]

1. d4 f5 2. h3 d5 3. c4 c6 4. Nc3 dxc4 5. e4 fxe4 6. Bxc4 Nf6 7. Bg5 b5 8. Bb3 Bf5 9. Nge2 b4 10. Na4 Nbd7 11. Rc1 Rc8 12. Nc5 Nxc5 13. Rxc5 e6 14. Re5 Bd6 15. Bxe6 Bxe6 16. Rxe6+ Kd7 17. Qb3 Qg8 18. Rxd6+ Kxd6 19. Qxb4+ Kd7 20. Bf4 Qxa2 21. Qb7+ Ke6 22. O-O Qc4 23. Nc3 Rhg8 24. Re1 Qxd4 25. Qb3+ Kf5 26. Be3 Qd7 27. Rd1 Qe7 28. g4+ Kg6 29. Qc4 h6 30. Bc5 Qf7 31. Qe2 Rge8 32. Rd4 Kh7 33. Qa6 Rc7 34. Bd6 c5 35. Rd1 Re6 36. Qa4 Rb7 37. Qc2 c4 38. Rd4 Qg6 39. Bf4 e3 40. Qe2 exf2+ 41. Qxf2 Ne4 42. Qc2 Nxc3 43. Qxc3 Rb3 0-1